000 00596nam a2200193Ia 4500
005 20260120124613.0
008 008 260114s9999 xx 000 0 eng d
020 _a9780762314706
037 _aEBOOK
040 _aCRL
_beng
_cCRL
041 _aeng
_2eng
084 _qCRL
245 0 _aInternational Business Scholarship: AIB Fellows on the First Years and Beyond
260 _bEmerald Publishing
_c2008
700 _aJean J. Boddewyn
_9908286
856 _uhttps://www.emerald.com/insight/publication/doi/10.1016/S1064-4857(2008)14
942 _cEBOOK
999 _c1500174
_d1500174